000 00449nam a2200145Ia 4500
008 100122s9999 xx 000 0 und d
082 _b11971
_a823
100 _aअग्निहोत्री अ शं
245 _aउंबराचं फूल
260 _bश्रीराम प्रकाशन
_c1962
300 _a152
630 _aउंबराचं फूल
730 _aउंबराचं फूल
942 _cBOOK
999 _c403190
_d403187